000
00257nam a22001217a 4500
008
170525b xxu||||| |||| 00| 0 eng d
041
_a
eng
080
_a
007.52
100
_a
26
101
_a
IM
245
_a
ROBOTERSIMULATION
_c
VERLAG.S
942
_2
udc
_c
BK
999
_c
14288
_d
14288